Statistics for Countries That are Closest to Paris

Click here to take the quiz!

General Stats

  • This quiz has been taken 70 times
  • The average score is 10 of 10

Answer Stats

Distance (Kilometers (Miles))Country% Correct
247.1 (153.5)United Kingdom
100%
182.6 (113.5)Belgium
98%
303.8 (188.8)Germany
98%
678 (421.3)Spain
98%
478.5 (297.3)Italy
97%
277.4 (172.4)Netherlands
97%
375.7 (233.5)Switzerland
97%
266.5 (165.6)Luxembourg
94%
559.2 (347.5)Austria
89%
565.7 (351.5)Liechtenstein
82%

Score Distribution

Percentile by Number Answered

Percent of People with Each Score

Your Score History

You have not taken this quiz